000 00341nam a2200121Ia 4500
003 GCL
008 140319s9999 xx 000 0 eng d
040 _aGCL /
_cGCL
082 0 4 _a668.4
_bW W
245 1 0 _aWhat Every Emmgineer Should Kmaw About Develsping Plastics Prodcts
260 _a[S.N] :
_bABT AKVERT SKIRA S.A ،
_c1991
300 _a185 P
999 _c17759
_d17759